Elementos de literatura ó Tratado de retórica y poética para uso de los institutos y colegios de segunda enseñanza / (Record no. 159976)

MARC details
000 -LEADER
campo de control de longitud fija 00866nam a22002175i 4500
001 - NÚMERO DE CONTROL
campo de control 159976
003 - IDENTIFICADOR DE NÚMERO DE CONTROL
campo de control ES-MaACL
005 - FECHA Y HORA DE LA ÚLTIMA TRANSACCIÓN
campo de control 20250618063030.0
008 - DATOS DE LONGITUD FIJA--INFORMACIÓN GENERAL
campo de control de longitud fija 971213s1862 sp |||| | spa d
040 ## - FUENTE DE CATALOGACIÓN
Centro catalogador/agencia de origen NA
Lengua de catalogación spa
Centro/agencia transcriptor NA
100 1# - ENTRADA PRINCIPAL--NOMBRE DE PERSONA
Nombre de persona Monlau, Pedro Felipe,
Fechas asociadas al nombre 1808-1871
9 (RLIN) 82226
245 10 - MENCIÓN DEL TÍTULO
Título Elementos de literatura ó Tratado de retórica y poética para uso de los institutos y colegios de segunda enseñanza /
Mención de responsabilidad, etc. por Pedro Felipe Monlau.
250 ## - MENCION DE EDICION
Mención de edición 4º ed., revista, corr. y aum.
260 ## - PUBLICACIÓN, DISTRIBUCIÓN, ETC.
Lugar de publicación, distribución, etc. Madrid :
Nombre del editor, distribuidor, etc. [s.n.],
Fecha de publicación, distribución, etc. 1862 (
Fabricante Imprenta y esterotipia de M. Rivadeneyra)
300 ## - DESCRIPCIÓN FÍSICA
Extensión IV, 434 p. ;
Dimensiones 19 cm.
650 #4 - PUNTO DE ACCESO ADICIONAL DE MATERIA--TÉRMINO DE MATERIA
Término de materia o nombre geográfico como elemento de entrada Retórica.
9 (RLIN) 16882
650 #4 - PUNTO DE ACCESO ADICIONAL DE MATERIA--TÉRMINO DE MATERIA
Término de materia o nombre geográfico como elemento de entrada Poética.
9 (RLIN) 16254
740 01 - ENTRADA AGREGADA--TÍTULO RELACIONADO/ANALÍTICO NO CONTROLADO
Título relacionado o analítico no controlado Tratado de retórica y poética para uso de los institutos y colegios de segunda enseñanza.
852 ## - LOCALIZACIÓN
Ubicación ES-MaACL
Número de control de estantería C-2691
Nota libre -- Enc. hol.
Holdings
Estatus retirado Estado de pérdida Estado de daño No para préstamo Colección Biblioteca de origen Biblioteca actual Ubicación en estantería Fecha de adquisición Fuente de adquisición Total de préstamos Signatura topográfica completa Código de barras Visto por última vez Precio de reemplazo Tipo de ítem Koha
        Libros del s. XIX Biblioteca del Ateneo de Madrid Biblioteca del Ateneo de Madrid Sala Palomar 17/01/2008     C-2691 1167480 23/02/2023 23/02/2023 Libro impreso antiguo